| 000 | 00608nam a2200181 i 4500 | ||
|---|---|---|---|
| 001 | 109061 | ||
| 003 | ES-MaACL | ||
| 005 | 20240607062955.0 | ||
| 007 | t| | ||
| 008 | 061121s1970 sp r ||||1| cat d | ||
| 100 | 1 |
_aOliver, Joan, _d1899-1986 _986815 |
|
| 245 | 1 | 0 |
_aAlló que tal vegada s'esdevingué ; Cambrera nova ; Tercet en re ; Vivalda i l'Africa tenebrosa / _cJoan Oliver ; próleg. de Jordi Carbonell. |
| 260 |
_aBarcelona : _bAymá, _c1970. |
||
| 300 |
_a88 p. ; _c19 cm. |
||
| 700 | 1 |
_aCarbonell, Jordi. _935044 |
|
| 852 |
_aES-MaACL _jC-49635 _bR.74903 |
||
| 999 |
_c109061 _d109061 |
||